000 00385nam a2200145Ia 4500
008 240624s9999 xx 000 0 und d
041 _aeng
082 _a302.3 MAI
100 _aMAINIERO LISA A
245 _aDEVELOPING MANAGERIAL SKILLS IN ORGANIZA
250 _a(2nd ed.)
260 _c2008
_aNew Delhi
_bPearson Education
300 _axv, : 491 : p. : cm. ; 25
365 _cRS
_b36
999 _c11372
_d11372